000 00677nam a2200205Ia 4500
001 4392
003 GE_BSU
008 181216s||||||||xx |||||||||||||| ||und||
040 _cGE_BSU
080 _a665.63+66(072)
100 _aСарданашвили,А.Г. Львова,А.И.
245 _aПримеры и задачи по технологии переработки нефти и газа.
245 _cРед. Е.И.Коледова.
260 _aМ.
260 _bХимия.
260 _c1973.
300 _a272 с. 22 см.
653 _aПримеры и задачи по технологии переработки нефти и газа.
942 _cBK
999 _c38382
_d38382